| 000 | 00601nam a2200229 a 4500 | ||
|---|---|---|---|
| 999 |
_c1418 _d1418 |
||
| 007 | ta | ||
| 008 | 200101t2011 ii a|||g |||| 001 0 eng d | ||
| 020 |
_a9788120340909 _cRs. 425.00 |
||
| 040 |
_aKO _beng |
||
| 041 | 0 | _aeng | |
| 044 | _aii | ||
| 082 | 0 | 4 |
_223 _a671.3 _bM8967 |
| 100 | 1 | _aMukherjee, Syamal | |
| 245 | 1 | 0 |
_aMetal fabrication technology / _cSyamal Mukherjee |
| 260 |
_aNew Delhi : _bPHI Learning Private Limited , _c2011. |
||
| 300 |
_axvi, 452 p. : _bill. ; _c24 cm |
||
| 504 | _aIncludes Index. | ||
| 650 | 0 |
_aMetal-work _vTextbooks |
|
| 904 | _aA_BOSE | ||
| 942 | _cBK | ||